000 00664nam a2200241 a 4500
001 21368
003 BD-RjUL
005 20211209000658.0
008 140304s1947 enk 000 0 eng
035 _a(BD-RjUL)21432
035 _a(BD-RjUL)
040 _aANL
_beng
_cANL
_dBD-RjUL
041 _aeng
082 0 4 _a824.5082
_bESS 1947
245 0 0 _aEssays from eighteenth-century periodicals /
_cEdited with notes by M. G. Segar.
260 _aLondon :
_bMethuen,
_c1947.
300 _aviii, 191 p. ;
_c18 cm.
650 0 _aEnglish essays.
_966047
700 1 _aSegar, Mary Gertrude,.
_966048
942 _2ddc
_cBK
999 _c21368
_d21368